[Event "CHN-chT Div A Finals"]
[Site "Nanjing"]
[Date "2023.12.05"]
[Round "4.2"]
[White "Zhou, Weiqi"]
[Black "Wang, Yue"]
[Result "1/2-1/2"]
[WhiteElo "2593"]
[BlackElo "2659"]
[PlyCount "128"]
[EventDate "2023.12.02"]
[EventType "team-tourn"]
[EventRounds "10"]
[EventCountry "CHN"]
[SourceTitle "CB50_2023"]
[SourceDate "2023.12.13"]
[SourceVersion "1"]
[SourceVersionDate "2023.12.13"]
[SourceQuality "1"]
[WhiteTeam "Shenzhen Pengcheng"]
[BlackTeam "Tianjin"]
[WhiteTeamCountry "CHN"]
[BlackTeamCountry "CHN"]

1. Nf3 Nf6 2. c4 e6 3. d4 d5 4. Nc3 Be7 5. Bf4 0-0 6. e3 b6 7. Bd3 dxc4 8. Bxc4 Ba6 9. Qe2 Qc8 10. Rc1 Bxc4 11. Qxc4 c5 12. 0-0 Nbd7 13. e4 cxd4 14. Qxd4 Nc5 15. e5 Rd8 16. Qe3 Ng4 17. Qe2 Nd3 18. Nd5 Qd7 19. Qxd3 Qxd5 20. Qxd5 Rxd5 21. h3 g5 22. hxg4 gxf4 23. Rc7 Bc5 24. Re1 a5 25. Re4 Rd1+ 26. Kh2 Bxf2 27. Rxf4 Rf8 28. a3 Rd3 29. Rc2 Be3 30. Rfc4 Rfd8 31. Kg3 Kg7 32. Rc7 h6 33. Rb7 R3d7 34. Rxd7 Rxd7 35. Rc3 Bc5 36. Kf4 Rd1 37. Ke4 Kg6 38. Rc2 Rd5 39. Rc1 Be7 40. a4 Bc5 41. Rf1 Rd7 42. Rc1 Be7 43. b3 Bb4 44. Ke3 Ba3 45. Rc6 Rd5 46. Ke2 b5 47. Rb6 bxa4 48. bxa4 Bb4 49. Rc6 Be7 50. Rc7 Bc5 51. Rb7 Bd4 52. Rb5 Rxb5 53. axb5 Bc5 54. Kd3 a4 55. Kc4 a3 56. Kb3 f6 57. Nh4+ Kf7 58. Nf3 Kg6 59. Nh4+ Kf7 60. Nf3 Ke7 61. Ka2 fxe5 62. Nxe5 Kd6 63. Nf7+ Kd5 64. Nxh6 e5 1/2-1/2

[Event "CHN-chT Div A Finals"]
[Site "Nanjing"]
[Date "2023.12.04"]
[Round "3.7"]
[White "Wang, Yue"]
[Black "Zhou, Weiqi"]
[Result "1/2-1/2"]
[WhiteElo "2659"]
[BlackElo "2593"]
[PlyCount "75"]
[EventDate "2023.12.02"]
[EventType "team-tourn"]
[EventRounds "10"]
[EventCountry "CHN"]
[SourceTitle "CB50_2023"]
[SourceDate "2023.12.13"]
[SourceVersion "1"]
[SourceVersionDate "2023.12.13"]
[SourceQuality "1"]
[WhiteTeam "Tianjin"]
[BlackTeam "Shenzhen Pengcheng"]
[WhiteTeamCountry "CHN"]
[BlackTeamCountry "CHN"]

1. e4 c6 2. d4 d5 3. e5 Bf5 4. Nd2 e6 5. Nb3 c5 6. dxc5 Bxc5 7. Bb5+ Nc6 8. Bxc6+ bxc6 9. Nxc5 Qa5+ 10. c3 Qxc5 11. Ne2 Ne7 12. 0-0 Qc4 13. b3 Qa6 14. Ng3 c5 15. Bg5 Bd3 16. Re1 Bg6 17. Bxe7 Kxe7 18. h4 h5 19. Qc1 Kf8 20. Qf4 Rd8 21. Re2 Qb6 22. Rd1 Kg8 23. Re3 Rh6 24. Ne2 Qa5 25. Rd2 d4 26. Rg3 d3 27. Nc1 Qxc3 28. Rdxd3 Bxd3 29. Qg5 Qe1+ 30. Kh2 Bg6 31. Qxd8+ Kh7 32. Nd3 Bxd3 33. Qxd3+ Rg6 34. Rg5 Kh6 35. Qd8 Rxg5 36. Qxg5+ Kh7 37. Qxh5+ Kg8 38. Qf3 1/2-1/2

[Event "CHN-chT DivA"]
[Site "Fuling"]
[Date "2023.06.12"]
[Round "7.4"]
[White "Zhou, Weiqi"]
[Black "Huang, Renjie"]
[Result "1/2-1/2"]
[WhiteElo "2604"]
[BlackElo "2406"]
[PlyCount "91"]
[EventDate "2023.06.05"]
[EventType "team-tourn"]
[EventRounds "11"]
[EventCountry "CHN"]
[SourceTitle "CBM 214 Extra"]
[Source "ChessBase"]
[SourceDate "2023.07.31"]
[SourceVersion "1"]
[SourceVersionDate "2023.07.31"]
[SourceQuality "1"]
[WhiteTeam "Shenzhen Pengcheng"]
[BlackTeam "Shandong"]
[WhiteTeamCountry "CHN"]
[BlackTeamCountry "CHN"]

1. d4 Nf6 2. c4 g6 3. Nc3 d5 4. Nf3 Bg7 5. e3 0-0 6. cxd5 Nxd5 7. Bc4 Nxc3 8. bxc3 c5 9. 0-0 Qc7 10. Qe2 Nc6 11. Ba3 b6 12. Rab1 Bf5 13. Bd3 Bxd3 14. Qxd3 Rfd8 15. Qe4 cxd4 16. cxd4 Qd7 17. Rbc1 Rac8 18. Rc2 e6 19. Rfc1 Na5 20. Ne5 Qe8 21. f4 Rxc2 22. Qxc2 Bxe5 23. fxe5 b5 24. Qe4 Nc4 25. Bc5 Qd7 26. h4 h5 27. Qf4 Qb7 28. e4 Rd7 29. g4 hxg4 30. h5 Qc8 31. Kg2 Qd8 32. hxg6 Qa5 33. Rc2 Qe1 34. d5 Qh4 35. Rc3 Qe1 36. Rg3 Qe2+ 37. Kg1 Qe1+ 38. Kg2 Qe2+ 39. Kg1 Qe1+ 40. Kh2 fxg6 41. Qf8+ Kh7 42. Bf2 Qxe4 43. dxe6 Rd1 44. Qe7+ Kh8 45. Qf6+ Kh7 46. Qe7+ 1/2-1/2

[Event "CHN-chT DivA"]
[Site "Fuling"]
[Date "2023.06.08"]
[Round "4.2"]
[White "Wei, Yi"]
[Black "Zhou, Weiqi"]
[Result "1-0"]
[WhiteElo "2722"]
[BlackElo "2604"]
[PlyCount "107"]
[EventDate "2023.06.05"]
[EventType "team-tourn"]
[EventRounds "11"]
[EventCountry "CHN"]
[SourceTitle "CBM 214 Extra"]
[Source "ChessBase"]
[SourceDate "2023.07.31"]
[SourceVersion "1"]
[SourceVersionDate "2023.07.31"]
[SourceQuality "1"]
[WhiteTeam "Jiangsu"]
[BlackTeam "Shenzhen Pengcheng"]
[WhiteTeamCountry "CHN"]
[BlackTeamCountry "CHN"]

1. d4 d5 2. c4 e6 3. Nc3 Nf6 4. Bg5 Be7 5. Nf3 0-0 6. Qc2 Nbd7 7. cxd5 exd5 8. e3 h6 9. Bf4 c5 10. Bd3 a6 11. Bf5 cxd4 12. Nxd4 Nc5 13. Rd1 Re8 14. 0-0 Bd6 15. Nde2 Ne6 16. Nxd5 Nxd5 17. Rxd5 Nxf4 18. Nxf4 Qf6 19. Nh5 Qe7 20. Rfd1 Be5 21. Ng3 Qf6 22. b3 g6 23. Bd7 Bxd7 24. Rxd7 Rac8 25. Qd3 Bxg3 26. hxg3 b5 27. g4 Re6 28. Rd8+ Rxd8 29. Qxd8+ Kg7 30. Kf1 Rc6 31. Qxf6+ Kxf6 32. Ke2 a5 33. f4 a4 34. Kd2 b4 35. Rc1 Ra6 36. Rc2 axb3 37. axb3 Ra3 38. Rb2 h5 39. gxh5 gxh5 40. Kd3 Kf5 41. Kc4 Ke4 42. Kxb4 Ra8 43. Kc5 Kxe3 44. f5 Ra5+ 45. Kc6 Rxf5 46. b4 Rg5 47. b5 f5 48. b6 Rg6+ 49. Kd5 Rg8 50. b7 Rb8 51. Ke5 f4 52. Rb3+ Kf2 53. Kxf4 Kxg2 54. Kg5 1-0

[Event "CHN-chT DivA"]
[Site "Fuling"]
[Date "2023.06.07"]
[Round "3.6"]
[White "Zhou, Weiqi"]
[Black "Xie, Kaifan"]
[Result "1-0"]
[WhiteElo "2604"]
[BlackElo "2278"]
[PlyCount "91"]
[EventDate "2023.06.05"]
[EventType "team-tourn"]
[EventRounds "11"]
[EventCountry "CHN"]
[SourceTitle "CBM 214 Extra"]
[Source "ChessBase"]
[SourceDate "2023.07.31"]
[SourceVersion "1"]
[SourceVersionDate "2023.07.31"]
[SourceQuality "1"]
[WhiteTeam "Shenzhen Pengcheng"]
[BlackTeam "Hangzhou"]
[WhiteTeamCountry "CHN"]
[BlackTeamCountry "CHN"]

1. d4 Nf6 2. c4 e6 3. Nc3 Bb4 4. Qc2 0-0 5. a3 Bxc3+ 6. Qxc3 d5 7. Bg5 dxc4 8. Qxc4 b6 9. Rd1 Ba6 10. Qa4 h6 11. Bh4 Qd7 12. Qc2 Qc6 13. Qxc6 Nxc6 14. Bxf6 gxf6 15. Nf3 Rfd8 16. e3 Bxf1 17. Rxf1 Na5 18. Ke2 Rac8 19. Rc1 c5 20. dxc5 Nb3 21. Rc3 Rxc5 22. Rxc5 Nxc5 23. Rc1 Rd7 24. g4 Nd3 25. Rc2 Ne5 26. Nxe5 fxe5 27. Kf3 Kg7 28. Ke4 Kf6 29. h4 Rd5 30. b3 Rd1 31. Rc7 a5 32. a4 Rb1 33. Rc3 Rb2 34. f3 Rb1 35. Kd3 Rd1+ 36. Kc4 Rd5 37. b4 Ke7 38. bxa5 Rxa5 39. Kb4 Kd7 40. e4 Ra8 41. Rc4 Rc8 42. Rxc8 Kxc8 43. Kc4 Kd7 44. Kd3 Ke7 45. Ke2 f5 46. Kd3 1-0

[Event "CHN-chT DivA"]
[Site "Fuling"]
[Date "2023.06.05"]
[Round "1.6"]
[White "Zhou, Weiqi"]
[Black "Zhu, Jiner"]
[Result "1-0"]
[WhiteElo "2604"]
[BlackElo "2507"]
[PlyCount "65"]
[EventDate "2023.06.05"]
[EventType "team-tourn"]
[EventRounds "11"]
[EventCountry "CHN"]
[SourceTitle "CBM 214 Extra"]
[Source "ChessBase"]
[SourceDate "2023.07.31"]
[SourceVersion "1"]
[SourceVersionDate "2023.07.31"]
[SourceQuality "1"]
[WhiteTeam "Shenzhen Pengcheng"]
[BlackTeam "Zhejiang Shaoxing"]
[WhiteTeamCountry "CHN"]
[BlackTeamCountry "CHN"]

1. d4 Nf6 2. Nf3 d5 3. c4 e6 4. Nc3 Bb4 5. Bg5 h6 6. Bxf6 Qxf6 7. Qb3 c5 8. cxd5 exd5 9. a3 Bxc3+ 10. Qxc3 c4 11. b3 Be6 12. bxc4 dxc4 13. e4 0-0 14. Be2 Rd8 15. Rc1 b5 16. d5 Qxc3+ 17. Rxc3 Bd7 18. a4 a6 19. Nd4 Rc8 20. Kd2 Rc5 21. Ra1 bxa4 22. Bd1 Ra7 23. Bxa4 Bxa4 24. Rxa4 Rac7 25. Nf5 Nd7 26. Rxa6 Nf6 27. Ke3 Kh7 28. f3 Rd7 29. Rd6 Ra7 30. Rc6 Rb5 31. R6xc4 Ra2 32. Rc2 Rbb2 33. Nd4 1-0

[Event "CHN-chT Div-A Rapid"]
[Site "Fuling"]
[Date "2022.09.15"]
[Round "8.2"]
[White "Zhou, Weiqi"]
[Black "Xu, Xiangyu"]
[Result "1/2-1/2"]
[WhiteElo "2597"]
[BlackElo "2571"]
[PlyCount "94"]
[EventDate "2022.09.06"]
[EventType "team-tourn (rapid)"]
[EventRounds "11"]
[EventCountry "CHN"]
[SourceTitle "CBM 210 Extra"]
[Source "ChessBase"]
[SourceDate "2022.11.30"]
[SourceVersion "1"]
[SourceVersionDate "2022.11.30"]
[SourceQuality "1"]
[WhiteTeam "Hangzhou Zhenjiang"]
[BlackTeam "Chengdu"]
[WhiteTeamCountry "CHN"]
[BlackTeamCountry "CHN"]

1. d4 Nf6 2. Nf3 d5 3. c4 e6 4. Nc3 dxc4 5. e3 a6 6. a4 c5 7. Bxc4 Nc6 8. 0-0 Be7 9. dxc5 Qxd1 10. Rxd1 Bxc5 11. b3 Be7 12. Bb2 0-0 13. h3 b6 14. e4 Nd7 15. Rac1 Na5 16. Nd4 Nc5 17. Ba3 Re8 18. Bxc5 Bxc5 19. Na2 Rd8 20. b4 Bxd4 21. bxa5 bxa5 22. Bd5 Bxf2+ 23. Kxf2 exd5 24. Nc3 Bd7 25. Rxd5 Be8 26. Ke3 Rdc8 27. Rxa5 Rc4 28. Kd2 Kf8 29. Rb1 Rd8+ 30. Rd5 Rdc8 31. Rb3 Bxa4 32. Ra3 Bc6 33. Rd3 Bb7 34. Ke3 h5 35. g4 hxg4 36. hxg4 Re8 37. Rd4 Rxd4 38. Kxd4 f6 39. Ra5 g5 40. Rc5 Kf7 41. Rc7+ Re7 42. Rc5 Kg6 43. Nd5 Rh7 44. Rc4 a5 45. Ra4 Rh4 46. Ne3 Bc8 47. Nf5 Bxf5 1/2-1/2

[Event "CHN-chT Div-A Rapid"]
[Site "Fuling"]
[Date "2022.09.14"]
[Round "7.6"]
[White "Zhao, Jun"]
[Black "Zhou, Weiqi"]
[Result "1/2-1/2"]
[WhiteElo "2619"]
[BlackElo "2597"]
[PlyCount "55"]
[EventDate "2022.09.06"]
[EventType "team-tourn (rapid)"]
[EventRounds "11"]
[EventCountry "CHN"]
[SourceTitle "CBM 210 Extra"]
[Source "ChessBase"]
[SourceDate "2022.11.30"]
[SourceVersion "1"]
[SourceVersionDate "2022.11.30"]
[SourceQuality "1"]
[WhiteTeam "Shandong"]
[BlackTeam "Hangzhou Zhenjiang"]
[WhiteTeamCountry "CHN"]
[BlackTeamCountry "CHN"]

1. e4 e5 2. Nf3 Nf6 3. Nc3 Nc6 4. d4 exd4 5. Nxd4 Bb4 6. Nxc6 bxc6 7. Bd3 d5 8. exd5 0-0 9. 0-0 cxd5 10. Bg5 c6 11. Qf3 h6 12. Bxf6 Qxf6 13. Qxf6 gxf6 14. Ne2 Rb8 15. Nd4 Rb6 16. Nf5 Bxf5 17. Bxf5 Re8 18. Rab1 Re5 19. Bd3 Rb8 20. g3 Bd6 21. Kg2 Kg7 22. Rfd1 a5 23. Kf1 Bc5 24. Kg2 Bd6 25. Kf1 Bc5 26. Kg2 Bd6 27. Kf1 Bc5 28. Kg2 1/2-1/2

[Event "CHN-chT Div-A"]
[Site "Fuling"]
[Date "2022.09.12"]
[Round "6.1"]
[White "Zhang, Zhong"]
[Black "Zhou, Weiqi"]
[Result "1/2-1/2"]
[WhiteElo "2617"]
[BlackElo "2597"]
[PlyCount "60"]
[EventDate "2022.09.06"]
[EventType "team-tourn"]
[EventRounds "11"]
[EventCountry "CHN"]
[SourceTitle "CBM 210 Extra"]
[Source "ChessBase"]
[SourceDate "2022.11.30"]
[SourceVersion "1"]
[SourceVersionDate "2022.11.30"]
[SourceQuality "1"]
[WhiteTeam "Shanghai"]
[BlackTeam "Hangzhou Zhenjiang"]
[WhiteTeamCountry "CHN"]
[BlackTeamCountry "CHN"]

1. d4 Nf6 2. c4 e6 3. Nc3 Bb4 4. Qc2 0-0 5. e4 d5 6. e5 Ne4 7. Bd3 c5 8. Nf3 cxd4 9. Nxd4 Nd7 10. Bf4 Qh4 11. g3 Qh5 12. 0-0 Bxc3 13. bxc3 g5 14. cxd5 exd5 15. Bxe4 dxe4 16. e6 gxf4 17. exd7 Bxd7 18. Qxe4 fxg3 19. fxg3 b6 20. Nf5 Rae8 21. Qd5 Bxf5 22. Rxf5 Qe2 23. Raf1 Qe3+ 24. R1f2 Qe1+ 25. Rf1 Qe3+ 26. Kg2 Qe2+ 27. Kg1 Qe3+ 28. R1f2 Qe1+ 29. Rf1 Qe3+ 30. Kg2 Qe2+ 1/2-1/2

[Event "CHN-chT Div-A Rapid"]
[Site "Fuling"]
[Date "2022.09.12"]
[Round "6.1"]
[White "Zhou, Weiqi"]
[Black "Zhang, Zhong"]
[Result "1/2-1/2"]
[WhiteElo "2597"]
[BlackElo "2617"]
[PlyCount "36"]
[EventDate "2022.09.06"]
[EventType "team-tourn (rapid)"]
[EventRounds "11"]
[EventCountry "CHN"]
[SourceTitle "CBM 210 Extra"]
[Source "ChessBase"]
[SourceDate "2022.11.30"]
[SourceVersion "1"]
[SourceVersionDate "2022.11.30"]
[SourceQuality "1"]
[WhiteTeam "Hangzhou Zhenjiang"]
[BlackTeam "Shanghai"]
[WhiteTeamCountry "CHN"]
[BlackTeamCountry "CHN"]

1. d4 Nf6 2. c4 e6 3. Nc3 Bb4 4. Nf3 d5 5. Bg5 h6 6. Bxf6 Qxf6 7. e3 0-0 8. Rc1 dxc4 9. Bxc4 c5 10. 0-0 cxd4 11. Nxd4 Bd7 12. Qb3 Nc6 13. Nxc6 Bxc3 14. Qxc3 Bxc6 15. Qxf6 gxf6 16. Rfd1 Rfd8 17. f4 Kf8 18. Kf2 Ke7 1/2-1/2

[Event "CHN-chT Div-A Rapid"]
[Site "Fuling"]
[Date "2022.09.11"]
[Round "5.6"]
[White "Zhou, Weiqi"]
[Black "Zhang, Pengxiang"]
[Result "1-0"]
[WhiteElo "2597"]
[BlackElo "2564"]
[PlyCount "91"]
[EventDate "2022.09.06"]
[EventType "team-tourn (rapid)"]
[EventRounds "11"]
[EventCountry "CHN"]
[SourceTitle "CBM 210 Extra"]
[Source "ChessBase"]
[SourceDate "2022.11.30"]
[SourceVersion "1"]
[SourceVersionDate "2022.11.30"]
[SourceQuality "1"]
[WhiteTeam "Hangzhou Zhenjiang"]
[BlackTeam "Chongqing Jiulongpo"]
[WhiteTeamCountry "CHN"]
[BlackTeamCountry "CHN"]

1. d4 Nf6 2. Nf3 g6 3. c4 Bg7 4. Nc3 d5 5. e3 0-0 6. cxd5 Nxd5 7. Bc4 Nb6 8. Bb3 Nc6 9. 0-0 e5 10. d5 Na5 11. e4 Bg4 12. h3 Nxb3 13. axb3 Bd7 14. Bg5 f6 15. Be3 Nc8 16. Nd2 f5 17. exf5 gxf5 18. f4 Nd6 19. Nc4 exf4 20. Bd4 Qg5 21. Bxg7 Qxg7 22. Nxd6 cxd6 23. Rxf4 Rfe8 24. Qd4 Qe5 25. Qxe5 dxe5 26. Rc4 Rec8 27. Rxc8+ Bxc8 28. Na4 Rb8 29. Rc1 b5 30. Nc5 Kf7 31. d6 Be6 32. Ra1 Ra8 33. Ra6 Bd5 34. g3 b4 35. Kf2 h5 36. h4 f4 37. gxf4 exf4 38. d7 Ke7 39. Rh6 Rg8 40. Rxh5 Bc6 41. Rh6 Bd5 42. h5 f3 43. Rg6 Rh8 44. h6 Bf7 45. Rg7 Kf6 46. Nb7 1-0

[Event "CHN-chT"]
[Site "China"]
[Date "2019.12.07"]
[Round "22.2"]
[White "Zhou, Weiqi"]
[Black "Bai, Jinshi"]
[Result "1/2-1/2"]
[WhiteElo "2592"]
[BlackElo "2600"]
[PlyCount "60"]
[EventDate "2019.04.09"]
[EventType "team-tourn"]
[EventRounds "22"]
[EventCountry "CHN"]
[SourceTitle "CBM 195 Extra"]
[Source "ChessBase"]
[SourceDate "2020.05.31"]
[SourceVersion "1"]
[SourceVersionDate "2020.05.31"]
[SourceQuality "1"]
[WhiteTeam "Chongqing Sports Lottery"]
[BlackTeam "Hangzhou Bank"]
[WhiteTeamCountry "CHN"]
[BlackTeamCountry "CHN"]

1. d4 Nf6 2. Nf3 d5 3. c4 c6 4. e3 g6 5. Nc3 Bg7 6. Bd3 0-0 7. 0-0 Bg4 8. h3 Bxf3 9. Qxf3 e6 10. Rd1 Nbd7 11. Qe2 Re8 12. Bd2 a6 13. Be1 Rc8 14. Rac1 Qe7 15. b3 h5 16. e4 dxe4 17. Nxe4 Nxe4 18. Bxe4 Nf6 19. Bf3 e5 20. dxe5 Qxe5 21. Qxe5 Rxe5 22. Bc3 Re6 23. Re1 Rce8 24. Kf1 Ne4 25. Rxe4 Rxe4 26. Bxe4 Rxe4 27. Re1 Rxe1+ 28. Bxe1 f5 29. Ke2 Kf7 30. f3 Ke6 1/2-1/2

[Event "CHN-chT"]
[Site "China"]
[Date "2019.07.24"]
[Round "8.3"]
[White "Zhou, Weiqi"]
[Black "Zou, Chen"]
[Result "1/2-1/2"]
[WhiteElo "2588"]
[BlackElo "2440"]
[PlyCount "115"]
[EventDate "2019.04.09"]
[EventType "team-tourn"]
[EventRounds "22"]
[EventCountry "CHN"]
[SourceTitle "EXT 2020"]
[Source "ChessBase"]
[SourceDate "2019.10.17"]
[SourceVersion "1"]
[SourceVersionDate "2019.10.17"]
[SourceQuality "1"]
[WhiteTeam "Chongqing Sports Lottery"]
[BlackTeam "Hangzhou Hongda"]
[WhiteTeamCountry "CHN"]
[BlackTeamCountry "CHN"]

1. c4 Nf6 2. g3 e6 3. Bg2 d5 4. Nf3 Be7 5. 0-0 0-0 6. b3 d4 7. e3 c5 8. exd4 cxd4 9. Re1 Nc6 10. d3 Nd7 11. Ba3 Re8 12. Bxe7 Rxe7 13. Nbd2 Nc5 14. Ne4 Nxe4 15. Rxe4 e5 16. Qd2 Bf5 17. Re2 Qd6 18. Nh4 Bg4 19. Rae1 h6 20. f3 Bd7 21. f4 Rae8 22. f5 Qf6 23. b4 Nd8 24. Bd5 Kh8 25. Re4 Bc6 26. Bxc6 Nxc6 27. a3 Nb8 28. Nf3 Qxf5 29. Nxd4 Qd7 30. Nf3 Nc6 31. b5 Nd4 32. Nxd4 exd4 33. Qf4 b6 34. a4 Rxe4 35. Rxe4 Rxe4 36. Qxe4 Qd8 37. Qe5 Qd7 38. Qe4 Qd8 39. Kf2 Qg5 40. Qf4 Qh5 41. h4 Qd1 42. Qxd4 Qxa4 43. Qf4 Kg8 44. Ke3 Qa3 45. Ke4 Qe7+ 46. Qe5 Qb7+ 47. Qd5 Qe7+ 48. Qe5 Qb7+ 49. Kd4 Qd7+ 50. Kc3 f6 51. Qb8+ Kf7 52. d4 Qe7 53. Kd3 Qa3+ 54. Ke4 Qe7+ 55. Kf3 Qa3+ 56. Ke4 Qe7+ 57. Kf3 Qa3+ 58. Ke4 1/2-1/2

[Event "CHN-chT"]
[Site "China"]
[Date "2018.07.13"]
[Round "11.6"]
[White "Zhou, Weiqi"]
[Black "Lin, Yi1111"]
[Result "1-0"]
[WhiteElo "2591"]
[BlackElo "2360"]
[PlyCount "138"]
[EventDate "2018.04.11"]
[EventType "team-tourn"]
[EventRounds "22"]
[EventCountry "CHN"]
[SourceTitle "EXT 2019"]
[Source "ChessBase"]
[SourceDate "2018.10.10"]
[SourceVersion "1"]
[SourceVersionDate "2018.10.10"]
[SourceQuality "1"]
[WhiteTeam "Chongqing"]
[BlackTeam "Hangzhou Turbine"]
[WhiteTeamCountry "CHN"]
[BlackTeamCountry "CHN"]

1. e4 e5 2. Nf3 Nf6 3. Nxe5 d6 4. Nf3 Nxe4 5. d4 d5 6. Bd3 Bf5 7. 0-0 Be7 8. Ne5 Nd7 9. Nc3 Nxe5 10. dxe5 Nxc3 11. bxc3 Bxd3 12. cxd3 0-0 13. Rb1 Rb8 14. d4 Qd7 15. f4 f5 16. Be3 b5 17. Qd3 a5 18. g4 Rb6 19. Rb2 g6 20. gxf5 Qxf5 21. Qxf5 gxf5 22. Kf2 Kf7 23. Kf3 a4 24. Bf2 Rfb8 25. Be1 Rg6 26. Rg2 Rbg8 27. Rg3 R8g7 28. Rh3 Ke6 29. Rh5 c6 30. Bh4 Bxh4 31. Rxh4 Rg2 32. Rxh7 Rxh7 33. Kxg2 Rg7+ 34. Kf2 Rg4 35. Kf3 Rh4 36. Kg2 Rg4+ 37. Kh1 Rg8 38. a3 c5 39. dxc5 Rc8 40. Rf3 Rxc5 41. h4 Rc4 42. Kg2 d4 43. cxd4 Rxd4 44. h5 b4 45. axb4 Rxb4 46. h6 Kf7 47. Rg3 Rb2+ 48. Kh3 Rb6 49. Rg7+ Kf8 50. Ra7 Rxh6+ 51. Kg3 Rg6+ 52. Kf3 Rb6 53. Rxa4 Ke7 54. Ra3 Rc6 55. Kg2 Ke6 56. Rd3 Ke7 57. Kh2 Ra6 58. Kg3 Rg6+ 59. Kf3 Ra6 60. Rc3 Rb6 61. Ke3 Ra6 62. Kd4 Ke6 63. Rc4 Rb6 64. Ra4 Rc6 65. Ra3 Rb6 66. Kc5 Rb1 67. Ra6+ Ke7 68. Rf6 Rc1+ 69. Kd4 Rd1+ 1-0

[Event "CHN-chT"]
[Site "China"]
[Date "2018.07.11"]
[Round "9.6"]
[White "Harikrishna, Pentala"]
[Black "Zhou, Weiqi"]
[Result "1-0"]
[WhiteElo "2727"]
[BlackElo "2591"]
[PlyCount "145"]
[EventDate "2018.04.11"]
[EventType "team-tourn"]
[EventRounds "22"]
[EventCountry "CHN"]
[SourceTitle "EXT 2019"]
[Source "ChessBase"]
[SourceDate "2018.10.10"]
[SourceVersion "1"]
[SourceVersionDate "2018.10.10"]
[SourceQuality "1"]
[WhiteTeam "Shanghai China Mobil"]
[BlackTeam "Chongqing"]
[WhiteTeamCountry "CHN"]
[BlackTeamCountry "CHN"]

1. e4 e6 2. d4 d5 3. Nd2 Be7 4. e5 c5 5. c3 Nc6 6. Bd3 cxd4 7. cxd4 Qb6 8. Ndf3 Bd7 9. Ne2 Nb4 10. Bb1 Bb5 11. 0-0 Qa6 12. Re1 Bd3 13. Bd2 Bxb1 14. Rxb1 Qxa2 15. Nf4 Qa6 16. Nh5 Kf8 17. Re3 Qb6 18. Rc1 Nc6 19. Qa4 a6 20. h3 g6 21. Rb3 Qa7 22. Nf4 Kg7 23. Ba5 b5 24. Qa2 Nxa5 25. Qxa5 Bd8 26. Qb4 Ne7 27. g4 Rc8 28. Rxc8 Nxc8 29. Rc3 Qe7 30. Qb3 Qd7 31. Nd3 Nb6 32. Nc5 Qa7 33. Qa2 Be7 34. Qxa6 Qxa6 35. Nxa6 Ra8 36. Nc7 b4 37. Rc6 Rc8 38. Nxe6+ fxe6 39. Rxb6 Kf7 40. Rb7 Ke8 41. h4 Rc2 42. Rb8+ Kf7 43. g5 Rxb2 44. Nh2 b3 45. Ng4 Ba3 46. Nf6 Rb1+ 47. Kg2 b2 48. Rb7+ Be7 49. Nxh7 Rd1 50. Rxb2 Rxd4 51. Kg3 Rb4 52. Rxb4 Bxb4 53. Nf6 Be1 54. Kf3 Bc3 55. Ng4 Ke7 56. Ke3 Kf7 57. Kd3 Be1 58. Ke2 Bc3 59. f4 Bb2 60. Nf2 Kg7 61. Nd3 Bd4 62. Kf3 Bb6 63. Kg4 Bd4 64. h5 gxh5+ 65. Kxh5 Be3 66. Kg4 Kg6 67. Ne1 Bf2 68. Ng2 Bd4 69. Nh4+ Kg7 70. f5 Bxe5 71. fxe6 d4 72. Nf3 d3 73. e7 1-0

[Event "CHN-chT"]
[Site "China"]
[Date "2017.12.04"]
[Round "21.1"]
[White "Zhou, Weiqi"]
[Black "Yu, Yangyi"]
[Result "0-1"]
[WhiteElo "2606"]
[BlackElo "2750"]
[PlyCount "88"]
[EventDate "2017.04.18"]
[EventType "team-tourn"]
[EventRounds "22"]
[EventCountry "CHN"]
[SourceTitle "CBM 181 Extra"]
[Source "ChessBase"]
[SourceDate "2017.12.12"]
[SourceVersion "1"]
[SourceVersionDate "2017.12.12"]
[SourceQuality "1"]
[WhiteTeam "Chongqing"]
[BlackTeam "Beijing"]
[WhiteTeamCountry "CHN"]
[BlackTeamCountry "CHN"]

1. d4 Nf6 2. c4 g6 3. g3 Bg7 4. Bg2 0-0 5. Nf3 d6 6. 0-0 Nbd7 7. Nc3 e5 8. Qc2 exd4 9. Nxd4 Nb6 10. Rd1 Nxc4 11. Ncb5 a6 12. Qxc4 axb5 13. Nxb5 Ne8 14. Qb4 Be6 15. Be3 Qe7 16. Nc3 Nf6 17. Qh4 Ra5 18. Bg5 h6 19. Bxh6 Rh5 20. Bxg7 Rxh4 21. Bxf8 Kxf8 22. gxh4 d5 23. e3 Qb4 24. Rd2 Qxh4 25. f3 c6 26. Rad1 Kg7 27. Re2 Nd7 28. Rd4 Qf6 29. f4 Bg4 30. Rf2 Nc5 31. h3 Bf5 32. Bf1 Qh4 33. Ne2 Bxh3 34. Rf3 Bg4 35. f5 Ne4 36. f6+ Kg8 37. Rxe4 dxe4 38. Rf4 Qg5 39. Kf2 Be6 40. Nc3 Qe5 41. Be2 Bf5 42. Bg4 Bxg4 43. Rxg4 Qxf6+ 44. Rf4 Qe5 0-1

[Event "CHN-chT"]
[Site "China"]
[Date "2017.11.03"]
[Round "17.1"]
[White "Lu, Shanglei"]
[Black "Zhou, Weiqi"]
[Result "1/2-1/2"]
[WhiteElo "2620"]
[BlackElo "2606"]
[PlyCount "53"]
[EventDate "2017.04.18"]
[EventType "team-tourn"]
[EventRounds "22"]
[EventCountry "CHN"]
[SourceTitle "EXT 2019"]
[Source "ChessBase"]
[SourceDate "2018.10.10"]
[SourceVersion "1"]
[SourceVersionDate "2018.10.10"]
[SourceQuality "1"]
[WhiteTeam "Zhejiang"]
[BlackTeam "Chongqing"]
[WhiteTeamCountry "CHN"]
[BlackTeamCountry "CHN"]

1. e4 e5 2. Nc3 Nf6 3. g3 d5 4. exd5 Nxd5 5. Bg2 Nxc3 6. bxc3 Bd6 7. Nf3 0-0 8. 0-0 Nc6 9. d4 Bf5 10. Rb1 Rb8 11. Re1 Re8 12. dxe5 Nxe5 13. Nxe5 Rxe5 14. Rxe5 Bxe5 15. Qe2 Bxc3 16. Rxb7 Rxb7 17. Bxb7 h6 18. Qf3 Qf6 19. Be4 Bxe4 20. Qxe4 Bd4 21. Qe8+ Kh7 22. Qe4+ Kg8 23. Qa8+ Kh7 24. Qe4+ Kg8 25. Qe8+ Kh7 26. Qe4+ Kg8 27. Qe8+ 1/2-1/2